{"text_format":"3","workbook":"xlsx","n_sheets":4,"sheets":["ORÇAMENTO","BDI","Eventograma","Cronograma PLE"],"not_rendered":{"images":1,"external_links":1,"defined_names":8},"read":"whole","date_system":"1900"}

{"sheet":"ORÇAMENTO","index":0,"n_rows":55,"n_cols":10,"rows_kept":55,"merged":[[0,3,1,9],[46,0,46,8]]}
[{"$nulls":3}," Orçamento Referencia"]
[]
[]
["Obra: ","Pavimentação da Rua 6 "]
["Local:","Rua 6 - Santa Helena - Amparo SP"]
["Operação ","1061679-92",null,"P + Brasil",878692,"DATA BASE ",null,"2021-05-01"]
[]
[{"$nulls":8},"BDI",{"v":0.2685,"d":"26.85%"}]
[]
["Item","Codigo","Fonte","Evento","Macrosserviço / Serviço","Qtd.","Und.","Custo Unitário","Preço Unitário","Preço Total"]
[1,{"$nulls":3},"Serviços Iniciais",{"$nulls":4},{"$f":"SUBTOTAL(9,J12:J13)","v":{"v":6164.88,"d":"R$ 6,164.88"}}]
["1.1","SINAPI-I",4813,1,"PLACA DE OBRA EM CHAPA DE ACO GALVANIZADO",{"v":6,"d":"6.00"},"M2",{"v":225,"d":"R$ 225.00"},{"$f":"ROUND((H12*$J$8)+H12,2)","v":{"v":285.41,"d":"R$ 285.41"}},{"$f":"F12*I12","v":{"v":1712.46,"d":"R$ 1,712.46"}}]
["1.2","SINAPI",10775,1,"LOCACAO DE CONTAINER 2,30 X 6,00 M, ALT. 2,50 M, COM 1 SANITARIO, PARA ESCRITORIO, COMPLETO, SEM DIVISORIAS INTERNAS",{"v":6,"d":"6.00"},"MES",{"v":585,"d":"R$ 585.00"},{"$f":"ROUND((H13*$J$8)+H13,2)","v":{"v":742.07,"d":"R$ 742.07"}},{"$f":"F13*I13","v":{"v":4452.42,"d":"R$ 4,452.42"}}]
[2,{"$nulls":3},"Drenagem",{"$nulls":4},{"$f":"SUBTOTAL(9,J15:J25)","v":{"v":110862.13840000001,"d":"R$ 110,862.14"}}]
["2.1","CDHU-181","49.12.058",2,"BOCA DE LOBO EM ALVENARIA TIJOLO MACICO, REVESTIDA C/ ARGAMASSA DE CIMENTO E AREIA 1:3, SOBRE LASTRO DE CONCRETO 10CM E TAMPA DE CONCRETO ARMADO",{"v":3,"d":"3.00"},"UN",{"v":2083.09,"d":"R$ 2,083.09"},{"$f":"ROUND((H15*$J$8)+H15,2)","v":{"v":2642.4,"d":"R$ 2,642.40"}},{"$f":"F15*I15","v":{"v":7927.200000000001,"d":"R$ 7,927.20"}}]
["2.2","SINAPI",99288,2,"POCO DE VISITA PARA DRENAGEM PLUVIAL, EM CONCRETO ESTRUTURAL, DIMENSOES INTERNAS DE 90X150X80CM (LARGXCOMPXALT), PARA REDE DE 600 MM, EXCLUSOS TAMPAO E CHAMINE.",{"v":8,"d":"8.00"},"UN",{"v":444.63,"d":"R$ 444.63"},{"v":564.01,"d":"R$ 564.01"},{"v":4512.08,"d":"R$ 4,512.08"}]
["2.3","SINAPI",98051,2,"CHAMINÉ CIRCULAR PARA POÇO DE VISITA PARA DRENAGEM, EM CONCRETO PRÉ-MOLDADO, DIÂMETRO INTERNO = 0,6 M. AF_05/2018",{"v":8,"d":"8.00"},"M",{"v":783.22,"d":"R$ 783.22"},{"v":993.51,"d":"R$ 993.51"},{"v":7948.08,"d":"R$ 7,948.08"}]
["2.4","SINAPI",98114,2,"TAMPAO FOFO SIMPLES COM BASE, CLASSE B125 CARGA MAX 12,5 T, REDONDO TAMPA 600 MM, REDE PLUVIAL/ESGOTO",{"v":8,"d":"8.00"},"UN",{"v":726.62,"d":"R$ 726.62"},{"v":921.72,"d":"R$ 921.72"},{"v":7373.76,"d":"R$ 7,373.76"}]
["2.5","SINAPI",92210,2,"TUBO DE CONCRETO PARA REDES COLETORAS DE ÁGUAS PLUVIAIS, DIÂMETRO DE 400 MM, JUNTA RÍGIDA, INSTALADO EM LOCAL COM BAIXO NÍVEL DE INTERFERÊNCIAS - FORNECIMENTO E ASSENTAMENTO. AF_12/2015",{"v":47,"d":"47.00"},"M",{"v":128.47,"d":"R$ 128.47"},{"v":162.96,"d":"R$ 162.96"},{"v":7659.120000000001,"d":"R$ 7,659.12"}]
["2.6","SINAPI",90082,2,"ESCAVAÇÃO MECANIZADA DE VALA COM PROF. ATÉ 1,5 M (MÉDIA ENTRE MONTANTE E JUSANTE/UMA COMPOSIÇÃO POR TRECHO), COM ESCAVADEIRA HIDRÁULICA (0,8 M3), LARG. DE 1,5 M A 2,5 M, EM SOLO DE 1A CATEGORIA, EM LOCAIS COM ALTO NÍVEL DE INTERFERÊNCIA. AF_01/2015",47.12,"M3",{"v":8.18,"d":"R$ 8.18"},{"v":10.38,"d":"R$ 10.38"},{"v":489.10560000000004,"d":"R$ 489.11"}]
["2.7","SINAPI",93374,2,"REATERRO MECANIZADO DE VALA COM RETROESCAVADEIRA (CAPACIDADE DA CAÇAMBA DA RETRO: 0,26 M³ / POTÊNCIA: 88 HP), LARGURA ATÉ 0,8 M, PROFUNDIDADE ATÉ 1,5 M, COM SOLO (SEM SUBSTITUIÇÃO) DE 1ª CATEGORIA EM LOCAIS COM ALTO NÍVEL DE INTERFERÊNCIA. AF_04/2016",{"v":37.6,"d":"37.60"},"M3",{"v":21.32,"d":"R$ 21.32"},{"v":27.04,"d":"R$ 27.04"},{"v":1016.704,"d":"R$ 1,016.70"}]
["2.8","SINAPI",92212,2,"TUBO DE CONCRETO PARA REDES COLETORAS DE ÁGUAS PLUVIAIS, DIÂMETRO DE 600 MM, JUNTA RÍGIDA, INSTALADO EM LOCAL COM BAIXO NÍVEL DE INTERFERÊNCIAS - FORNECIMENTO E ASSENTAMENTO. AF_12/2015",{"v":172,"d":"172.00"},"M",{"v":228.35,"d":"R$ 228.35"},{"v":289.66,"d":"R$ 289.66"},{"v":49821.520000000004,"d":"R$ 49,821.52"}]
["2.9","SINAPI",90082,2,"ESCAVAÇÃO MECANIZADA DE VALA COM PROF. ATÉ 1,5 M (MÉDIA ENTRE MONTANTE E JUSANTE/UMA COMPOSIÇÃO POR TRECHO), COM ESCAVADEIRA HIDRÁULICA (0,8 M3), LARG. DE 1,5 M A 2,5 M, EM SOLO DE 1A CATEGORIA, EM LOCAIS COM ALTO NÍVEL DE INTERFERÊNCIA. AF_01/2015",{"v":206.4,"d":"206.40"},"M3",{"v":8.18,"d":"R$ 8.18"},{"v":10.38,"d":"R$ 10.38"},{"v":2142.4320000000002,"d":"R$ 2,142.43"}]
["2.10","SINAPI",93374,2,"REATERRO MECANIZADO DE VALA COM RETROESCAVADEIRA (CAPACIDADE DA CAÇAMBA DA RETRO: 0,26 M³ / POTÊNCIA: 88 HP), LARGURA ATÉ 0,8 M, PROFUNDIDADE ATÉ 1,5 M, COM SOLO (SEM SUBSTITUIÇÃO) DE 1ª CATEGORIA EM LOCAIS COM ALTO NÍVEL DE INTERFERÊNCIA. AF_04/2016",144.48,"M3",{"v":21.32,"d":"R$ 21.32"},{"v":27.04,"d":"R$ 27.04"},{"v":3906.7391999999995,"d":"R$ 3,906.74"}]
["2.11","SINAPI",94267,2,"GUIA (MEIO-FIO) E SARJETA CONJUGADOS DE CONCRETO, MOLDADA IN LOCO EM TRECHO RETO COM EXTRUSORA, 45 CM BASE (15 CM BASE DA GUIA + 30 CM BASE DA SARJETA) X 22 CM ALTURA. AF_06/2016",369.36,"M",{"v":38.56,"d":"R$ 38.56"},{"v":48.91,"d":"R$ 48.91"},{"v":18065.3976,"d":"R$ 18,065.40"}]
[3,{"$nulls":3},"Pavimentação",{"$nulls":4},{"$f":"SUBTOTAL(9,J27:J32)","v":{"v":212755.6903,"d":"R$ 212,755.69"}}]
["3.1","SINAPI",95147,3,"Abertura de Caixa até 25 cm inclui escavação, compactação, transporte e reparo do subleito",{"v":1442.33,"d":"1,442.33"},"M2",{"v":14.11,"d":"R$ 14.11"},{"$f":"ROUND((H27*$J$8)+H27,2)","v":{"v":17.9,"d":"R$ 17.90"}},{"$f":"F27*I27","v":{"v":25817.706999999995,"d":"R$ 25,817.71"}}]
["3.2","SINAPI",96396,3,"EXECUÇÃO E COMPACTAÇÃO DE BASE E OU SUB BASE PARA PAVIMENTAÇÃO DE BRITA GRADUADA SIMPLES - EXCLUSIVE CARGA E TRANSPORTE. AF_11/2019",288.46,"M3",{"v":104.52,"d":"R$ 104.52"},{"v":132.58,"d":"R$ 132.58"},{"$f":"F28*I28","v":{"v":38244.0268,"d":"R$ 38,244.03"}}]
["3.3","SINAPI",95877,3,"TRANSPORTE COM CAMINHÃO BASCULANTE DE 18 M3, EM VIA URBANA PAVIMENTADA, DMT ATÉ 30 KM (UNIDADE: M3XKM). AF_12/2016",{"v":9807.84,"d":"9,807.84"},"M3XKM",{"v":1.3,"d":"R$ 1.30"},{"v":1.65,"d":"R$ 1.65"},{"$f":"F29*I29","v":{"v":16182.936,"d":"R$ 16,182.94"}}]
["3.4","SINAPI",96402,3,"EXECUÇÃO DE PINTURA DE LIGAÇÃO COM EMULSÃO ASFÁLTICA RR-2C. AF_11/2019",{"v":1442.33,"d":"1,442.33"},"M2",{"v":2.07,"d":"R$ 2.07"},{"v":2.63,"d":"R$ 2.63"},{"v":3793.3278999999998,"d":"R$ 3,793.33"}]
["3.5","SINAPI","COMP-01",3,"EXECUÇÃO DE PAVIMENTO COM APLICAÇÃO DE CONCRETO ASFÁLTICO, CAMADA DE ROLAMENTO - EXCLUSIVE CARGA E TRANSPORTE. AF_11/2019",57.69,"M3",{"v":1622.12,"d":"R$ 1,622.12"},{"v":2057.66,"d":"R$ 2,057.66"},{"v":118706.40539999999,"d":"R$ 118,706.41"}]
["3.6","SINAPI",93589,3,"TRANSPORTE DE MATERIAL ASFALTICO, COM CAMINHÃO COM CAPACIDADE DE 20000 L EM RODOVIA NÃO PAVIMENTADA PARA DISTÂNCIAS MÉDIAS DE TRANSPORTE IGUAL OU INFERIOR A 100 KM. AF_02/2016",{"v":4315.21,"d":"4,315.21"},"TXKM",{"v":1.83,"d":"R$ 1.83"},{"v":2.32,"d":"R$ 2.32"},{"$f":"F32*I32","v":{"v":10011.287199999999,"d":"R$ 10,011.29"}}]
[4,{"$nulls":3},"Muro de Arrimo",{"$nulls":4},{"$f":"SUBTOTAL(9,J34:J37)","v":{"v":66883.4635,"d":"R$ 66,883.46"}}]
["4.1","SINAPI",98524,4,"LIMPEZA MANUAL DE VEGETAÇÃO EM TERRENO COM ENXADA.AF_05/2018",445.89,"M2",{"v":2.85,"d":"R$ 2.85"},{"$f":"ROUND((H34*$J$8)+H34,2)","v":{"v":3.62,"d":"R$ 3.62"}},{"$f":"F34*I34","v":{"v":1614.1218,"d":"R$ 1,614.12"}}]
["4.2","CDHU-181","02.09.030",4,"Limpeza manual do terreno, inclusive troncos até 5 cm de diâmetro, com caminhão à disposição dentro da obra, até o raio de 1 km",445.89,"M2",{"v":5.11,"d":"R$ 5.11"},{"$f":"ROUND((H35*$J$8)+H35,2)","v":{"v":6.48,"d":"R$ 6.48"}},{"$f":"F35*I35","v":{"v":2889.3672,"d":"R$ 2,889.37"}}]
["4.3","SINAPI",94993,4,"EXECUÇÃO DE PASSEIO (CALÇADA) OU PISO DE CONCRETO COM CONCRETO MOLDADO IN LOCO, USINADO, ACABAMENTO CONVENCIONAL, ESPESSURA 6 CM, ARMADO. AF_07/2016",445.89,"M2",{"v":79.66,"d":"R$ 79.66"},{"$f":"ROUND((H36*$J$8)+H36,2)","v":{"v":101.05,"d":"R$ 101.05"}},{"$f":"F36*I36","v":{"v":45057.184499999996,"d":"R$ 45,057.18"}}]
["4.4","SINAPI",94275,4,"ASSENTAMENTO DE GUIA (MEIO-FIO) EM TRECHO RETO, CONFECCIONADA EM CONCRETO PRÉ-FABRICADO, DIMENSÕES 100X15X13X20 CM (COMPRIMENTO X BASE INFERIOR X BASE SUPERIOR X ALTURA), PARA URBANIZAÇÃO INTERNA DE EMPREENDIMENTOS. AF_06/2016_P",368.57,"M",{"v":37.05,"d":"R$ 37.05"},{"$f":"ROUND((H37*$J$8)+H37,2)","v":{"v":47,"d":"R$ 47.00"}},{"$f":"F37*I37","v":{"v":17322.79,"d":"R$ 17,322.79"}}]
[5,{"$nulls":3},"Sinalização",{"$nulls":4},{"$f":"SUBTOTAL(9,J39:J42)","v":{"v":5282.4789,"d":"R$ 5,282.48"}}]
["5.1","SINAPI",72947,5,"SINALIZACAO HORIZONTAL COM TINTA RETRORREFLETIVA A BASE DE RESINA ACRILICA COM MICROESFERAS DE VIDRO",46.97,"M2",{"v":30.33,"d":"R$ 30.33"},{"$f":"ROUND((H39*$J$8)+H39,2)","v":{"v":38.47,"d":"R$ 38.47"}},{"$f":"I39*F39","v":{"v":1806.9359,"d":"R$ 1,806.94"}}]
["5.2","SINAPI",34723,5,"PLACA DE SINALIZACAO EM CHAPA DE ACO NUM 16 COM PINTURA REFLETIVA",0.51,"M2",{"v":519.75,"d":"R$ 519.75"},{"$f":"ROUND((H40*$J$8)+H40,2)","v":{"v":659.3,"d":"R$ 659.30"}},{"$f":"I40*F40","v":{"v":336.243,"d":"R$ 336.24"}}]
["5.3","CDHU-181","46.08.070",5,"Tubo Galvanizado sem costura",{"v":8,"d":"8.00"},"M",{"v":274.97,"d":"R$ 274.97"},{"$f":"ROUND((H41*$J$8)+H41,2)","v":{"v":348.8,"d":"R$ 348.80"}},{"v":2790.4,"d":"R$ 2,790.40"}]
["5.4","CDHU-181","97.05.140",5,"Suporte de perfil metálico",{"v":15,"d":"15.00"},"KG",{"v":18.34,"d":"R$ 18.34"},{"$f":"ROUND((H42*$J$8)+H42,2)","v":{"v":23.26,"d":"R$ 23.26"}},{"v":348.90000000000003,"d":"R$ 348.90"}]
[6,{"$nulls":3},"Proteção de Talude",{"$nulls":4},{"$f":"SUBTOTAL(9,J44:J46)","v":{"v":5357.518,"d":"R$ 5,357.52"}}]
["6.1","CDHU-181","02.09.030",6,"Limpeza manual do terreno, inclusive troncos até 5 cm de diâmetro, com caminhão à disposição dentro da obra, até o raio de 1 km",133.28,"M2",{"v":5.11,"d":"R$ 5.11"},{"$f":"ROUND((H44*$J$8)+H44,2)","v":{"v":6.48,"d":"R$ 6.48"}},{"$f":"F44*I44","v":{"v":863.6544,"d":"R$ 863.65"}}]
["6.2","CDHU-181","34.01.010",6,"cpos-176D 34.01.010 Terra vegetal orgânica comum",13.32,"M3",{"v":151.51,"d":"R$ 151.51"},{"$f":"ROUND((H45*$J$8)+H45,2)","v":{"v":192.19,"d":"R$ 192.19"}},{"$f":"F45*I45","v":{"v":2559.9708,"d":"R$ 2,559.97"}}]
["6.3","SINAPI",98504,6,"PLANTIO DE GRAMA EM PLACAS. AF_05/2018",133.28,"M2",{"v":11.44,"d":"R$ 11.44"},{"$f":"ROUND((H46*$J$8)+H46,2)","v":{"v":14.51,"d":"R$ 14.51"}},{"v":1933.8928,"d":"R$ 1,933.89"}]
["Total:",{"$nulls":8},{"$f":"SUBTOTAL(9,(J11:J46))+0.02","v":{"v":407306.18909999996,"d":"R$ 407,306.19"}}]
[]
[{"$nulls":3},"Amparo, 23 de junho de 2021."]
[]
[]
[]
[{"$nulls":3},"Carlos Eduardo Mazzetto"]
[{"$nulls":3},"Eng. Civil         SMDU"]
[{"$nulls":3},"CREA 5060363666"]

{"sheet":"BDI","index":1,"n_rows":53,"n_cols":10,"rows_kept":53,"merged":[[0,8,0,9],[2,8,2,9],[4,0,4,1],[4,2,4,3],[4,4,4,9],[5,0,5,1],[5,2,5,3],[5,4,5,9],[7,0,7,9],[8,0,8,9],[10,0,10,7],[10,8,10,9],[11,0,11,7],[11,8,11,9],[14,0,14,9],[16,0,16,9],[17,0,17,9],[19,0,20,7],[19,8,20,8],[19,9,20,9],[21,0,21,7],[22,0,22,7],[23,0,23,7],[24,0,24,7],[25,0,25,7],[26,0,26,7],[27,0,27,7],[28,0,28,7],[29,0,29,7],[30,0,30,7],[32,1,32,9],[34,0,34,9],[35,3,36,3],[35,4,35,6],[35,7,36,7],[36,4,36,6],[38,0,38,9],[40,0,40,9],[43,0,43,9],[45,0,45,3],[45,6,45,9],[46,0,46,3],[48,0,48,3],[49,0,49,3]]}
[{"$nulls":5},"Quadro de Composição do BDI",null,null,"Grau de Sigilo"]
[]
[{"$nulls":8},"#PUBLICO"]
[]
["Nº OPERAÇÃO",null,"Nº SICONV",null,"PROPONENTE / TOMADOR"]
[{"$f":"ORÇAMENTO!B6","v":"1061679-92"},null,{"$f":"ORÇAMENTO!E6","v":878692},null,"Município de Amparo"]
[]
["APELIDO DO EMPREENDIMENTO / DESCRIÇÃO DO LOTE"]
["PAVIMENTAÇÃO CHÁCARA DAS ÁGUAS - Trecho II / PROGRAMA PLANEJAMENTO URBANO PAVIMENTAÇÃO DE VIAS URBANAS"]
[]
["Conforme legislação tributária municipal, definir estimativa de percentual da base de cálculo para o ISS:",{"$nulls":7},{"v":0.6,"d":"60.00%"}]
["Sobre a base de cálculo, definir a respectiva alíquota do ISS (entre 2% e 5%):",{"$nulls":7},{"v":0.05,"d":"5.00%"}]
[]
[]
["BDI 1"]
[]
["TIPO DE OBRA"]
["Construção de Praças Urbanas, Rodovias, Ferrovias e recapeamento e pavimentação de vias urbanas"]
[]
["Itens",{"$nulls":7},"Siglas","% Adotado"]
[]
["Administração Central",{"$nulls":7},"AC",{"v":0.038,"d":"3.80%"}]
["Seguro e Garantia",{"$nulls":7},"SG",{"v":0.0032,"d":"0.32%"}]
["Risco",{"$nulls":7},"R",{"v":0.005,"d":"0.50%"}]
["Despesas Financeiras",{"$nulls":7},"DF",{"v":0.0102,"d":"1.02%"}]
["Lucro",{"$nulls":7},"L",{"v":0.0664,"d":"6.64%"}]
["Tributos (impostos COFINS 3%, e  PIS 0,65%)",{"$nulls":7},"CP",{"v":0.0365,"d":"3.65%"}]
["Tributos (ISS, variável de acordo com o município)",{"$nulls":7},"ISS",{"v":0.03,"d":"3.00%"}]
["Tributos (Contribuição Previdenciária sobre a Receita Bruta - 0% ou 4,5% - Desoneração)",{"$nulls":7},"CPRB",{"v":0.045,"d":"4.50%"}]
["BDI SEM desoneração (Fórmula Acórdão TCU)",{"$nulls":7},"BDI PAD",{"v":0.2073,"d":"20.73%"}]
["BDI COM desoneração",{"$nulls":7},"BDI DES",{"v":0.2685,"d":"26.85%"}]
[]
["",""]
[]
["Os valores de BDI foram calculados com o emprego da fórmula:"]
[{"$nulls":3},"BDI =","(1+AC + S + R + G)*(1 + DF)*(1+L)",null,null," - 1"]
[{"$nulls":4},"(1-CP-ISS-CRPB)"]
[]
["Declaro para os devidos fins que, conforme legislação tributária municipal, a base de cálculo deste tipo de obra corresponde à 60%, com a respectiva alíquota de 5%."]
[]
["Declaro para os devidos fins que o regime de Contribuição Previdenciária sobre a Receita Bruta adotado para elaboração do orçamento foi COM Desoneração, e que esta é a alternativa mais adequada para a Administração Pública."]
[]
["Observações:"]
[]
[]
["Amparo / SP",{"$nulls":5},"2021-06-23"]
["Local",{"$nulls":5},"Data"]
[]
[]
["Responsável Técnico"]
["Nome:","Calos Eduardo Mazzetto"]
["CREA/CAU:","5060363666"]
["ART/RRT:",0]

{"sheet":"Eventograma","index":2,"n_rows":52,"n_cols":5,"rows_kept":52,"merged":[[0,2,1,4],[45,2,45,3]]}
[null,null," EVENTOGRAMA"]
[]
[]
["Obra: ","Pavimentação da Rua 6 "]
["Local:","Rua 6 - Santa Helena - Amparo SP"]
["Operação ",{"$f":"ORÇAMENTO!B6","v":"1061679-92"},"P + Brasil      878682","DATA BASE ",{"$f":"ORÇAMENTO!H6","v":"2021-05-01"}]
[]
["Evento ","Item","Título do Evento / Descrição do Serviço","Valor ","Total"]
[1,null,"Serviços Iniciais",null,{"$f":"D10+D11","v":{"v":6164.88,"d":"R$ 6,164.88"}}]
[null,"1.1",{"$f":"ORÇAMENTO!E12","v":"PLACA DE OBRA EM CHAPA DE ACO GALVANIZADO"},{"$f":"ORÇAMENTO!J12","v":{"v":1712.46,"d":"R$ 1,712.46"}}]
[null,"1.2",{"$f":"ORÇAMENTO!E13","v":"LOCACAO DE CONTAINER 2,30 X 6,00 M, ALT. 2,50 M, COM 1 SANITARIO, PARA ESCRITORIO, COMPLETO, SEM DIVISORIAS INTERNAS"},{"$f":"ORÇAMENTO!J13","v":{"v":4452.42,"d":"R$ 4,452.42"}}]
[2,null,{"$f":"ORÇAMENTO!E14","v":"Drenagem"},null,{"$f":"SUM(D13:D23)","v":{"v":110862.13840000001,"d":"R$ 110,862.14"}}]
[null,{"$f":"ORÇAMENTO!A15","v":"2.1"},{"$f":"ORÇAMENTO!E15","v":"BOCA DE LOBO EM ALVENARIA TIJOLO MACICO, REVESTIDA C/ ARGAMASSA DE CIMENTO E AREIA 1:3, SOBRE LASTRO DE CONCRETO 10CM E TAMPA DE CONCRETO ARMADO"},{"$f":"ORÇAMENTO!J15","v":{"v":7927.200000000001,"d":"R$ 7,927.20"}}]
[null,{"$f":"ORÇAMENTO!A16","v":"2.2"},{"$f":"ORÇAMENTO!E16","v":"POCO DE VISITA PARA DRENAGEM PLUVIAL, EM CONCRETO ESTRUTURAL, DIMENSOES INTERNAS DE 90X150X80CM (LARGXCOMPXALT), PARA REDE DE 600 MM, EXCLUSOS TAMPAO E CHAMINE."},{"$f":"ORÇAMENTO!J16","v":{"v":4512.08,"d":"R$ 4,512.08"}}]
[null,{"$f":"ORÇAMENTO!A17","v":"2.3"},{"$f":"ORÇAMENTO!E17","v":"CHAMINÉ CIRCULAR PARA POÇO DE VISITA PARA DRENAGEM, EM CONCRETO PRÉ-MOLDADO, DIÂMETRO INTERNO = 0,6 M. AF_05/2018"},{"$f":"ORÇAMENTO!J17","v":{"v":7948.08,"d":"R$ 7,948.08"}}]
[null,{"$f":"ORÇAMENTO!A18","v":"2.4"},{"$f":"ORÇAMENTO!E18","v":"TAMPAO FOFO SIMPLES COM BASE, CLASSE B125 CARGA MAX 12,5 T, REDONDO TAMPA 600 MM, REDE PLUVIAL/ESGOTO"},{"$f":"ORÇAMENTO!J18","v":{"v":7373.76,"d":"R$ 7,373.76"}}]
[null,{"$f":"ORÇAMENTO!A19","v":"2.5"},{"$f":"ORÇAMENTO!E19","v":"TUBO DE CONCRETO PARA REDES COLETORAS DE ÁGUAS PLUVIAIS, DIÂMETRO DE 400 MM, JUNTA RÍGIDA, INSTALADO EM LOCAL COM BAIXO NÍVEL DE INTERFERÊNCIAS - FORNECIMENTO E ASSENTAMENTO. AF_12/2015"},{"$f":"ORÇAMENTO!J19","v":{"v":7659.120000000001,"d":"R$ 7,659.12"}}]
[null,{"$f":"ORÇAMENTO!A20","v":"2.6"},{"$f":"ORÇAMENTO!E20","v":"ESCAVAÇÃO MECANIZADA DE VALA COM PROF. ATÉ 1,5 M (MÉDIA ENTRE MONTANTE E JUSANTE/UMA COMPOSIÇÃO POR TRECHO), COM ESCAVADEIRA HIDRÁULICA (0,8 M3), LARG. DE 1,5 M A 2,5 M, EM SOLO DE 1A CATEGORIA, EM LOCAIS COM ALTO NÍVEL DE INTERFERÊNCIA. AF_01/2015"},{"$f":"ORÇAMENTO!J20","v":{"v":489.10560000000004,"d":"R$ 489.11"}}]
[null,{"$f":"ORÇAMENTO!A21","v":"2.7"},{"$f":"ORÇAMENTO!E21","v":"REATERRO MECANIZADO DE VALA COM RETROESCAVADEIRA (CAPACIDADE DA CAÇAMBA DA RETRO: 0,26 M³ / POTÊNCIA: 88 HP), LARGURA ATÉ 0,8 M, PROFUNDIDADE ATÉ 1,5 M, COM SOLO (SEM SUBSTITUIÇÃO) DE 1ª CATEGORIA EM LOCAIS COM ALTO NÍVEL DE INTERFERÊNCIA. AF_04/2016"},{"$f":"ORÇAMENTO!J21","v":{"v":1016.704,"d":"R$ 1,016.70"}}]
[null,{"$f":"ORÇAMENTO!A22","v":"2.8"},{"$f":"ORÇAMENTO!E22","v":"TUBO DE CONCRETO PARA REDES COLETORAS DE ÁGUAS PLUVIAIS, DIÂMETRO DE 600 MM, JUNTA RÍGIDA, INSTALADO EM LOCAL COM BAIXO NÍVEL DE INTERFERÊNCIAS - FORNECIMENTO E ASSENTAMENTO. AF_12/2015"},{"$f":"ORÇAMENTO!J22","v":{"v":49821.520000000004,"d":"R$ 49,821.52"}}]
[null,{"$f":"ORÇAMENTO!A23","v":"2.9"},{"$f":"ORÇAMENTO!E23","v":"ESCAVAÇÃO MECANIZADA DE VALA COM PROF. ATÉ 1,5 M (MÉDIA ENTRE MONTANTE E JUSANTE/UMA COMPOSIÇÃO POR TRECHO), COM ESCAVADEIRA HIDRÁULICA (0,8 M3), LARG. DE 1,5 M A 2,5 M, EM SOLO DE 1A CATEGORIA, EM LOCAIS COM ALTO NÍVEL DE INTERFERÊNCIA. AF_01/2015"},{"$f":"ORÇAMENTO!J23","v":{"v":2142.4320000000002,"d":"R$ 2,142.43"}}]
[null,{"$f":"ORÇAMENTO!A24","v":"2.10"},{"$f":"ORÇAMENTO!E24","v":"REATERRO MECANIZADO DE VALA COM RETROESCAVADEIRA (CAPACIDADE DA CAÇAMBA DA RETRO: 0,26 M³ / POTÊNCIA: 88 HP), LARGURA ATÉ 0,8 M, PROFUNDIDADE ATÉ 1,5 M, COM SOLO (SEM SUBSTITUIÇÃO) DE 1ª CATEGORIA EM LOCAIS COM ALTO NÍVEL DE INTERFERÊNCIA. AF_04/2016"},{"$f":"ORÇAMENTO!J24","v":{"v":3906.7391999999995,"d":"R$ 3,906.74"}}]
[null,{"$f":"ORÇAMENTO!A25","v":"2.11"},{"$f":"ORÇAMENTO!E25","v":"GUIA (MEIO-FIO) E SARJETA CONJUGADOS DE CONCRETO, MOLDADA IN LOCO EM TRECHO RETO COM EXTRUSORA, 45 CM BASE (15 CM BASE DA GUIA + 30 CM BASE DA SARJETA) X 22 CM ALTURA. AF_06/2016"},{"$f":"ORÇAMENTO!J25","v":{"v":18065.3976,"d":"R$ 18,065.40"}}]
[3,null,{"$f":"ORÇAMENTO!E26","v":"Pavimentação"},null,{"$f":"SUM(D25:D30)","v":{"v":212755.6903,"d":"R$ 212,755.69"}}]
[null,{"$f":"ORÇAMENTO!A27","v":"3.1"},{"$f":"ORÇAMENTO!E27","v":"Abertura de Caixa até 25 cm inclui escavação, compactação, transporte e reparo do subleito"},{"$f":"ORÇAMENTO!J27","v":{"v":25817.706999999995,"d":"R$ 25,817.71"}}]
[null,{"$f":"ORÇAMENTO!A28","v":"3.2"},{"$f":"ORÇAMENTO!E28","v":"EXECUÇÃO E COMPACTAÇÃO DE BASE E OU SUB BASE PARA PAVIMENTAÇÃO DE BRITA GRADUADA SIMPLES - EXCLUSIVE CARGA E TRANSPORTE. AF_11/2019"},{"$f":"ORÇAMENTO!J28","v":{"v":38244.0268,"d":"R$ 38,244.03"}}]
[null,{"$f":"ORÇAMENTO!A29","v":"3.3"},{"$f":"ORÇAMENTO!E29","v":"TRANSPORTE COM CAMINHÃO BASCULANTE DE 18 M3, EM VIA URBANA PAVIMENTADA, DMT ATÉ 30 KM (UNIDADE: M3XKM). AF_12/2016"},{"$f":"ORÇAMENTO!J29","v":{"v":16182.936,"d":"R$ 16,182.94"}}]
[null,{"$f":"ORÇAMENTO!A30","v":"3.4"},{"$f":"ORÇAMENTO!E30","v":"EXECUÇÃO DE PINTURA DE LIGAÇÃO COM EMULSÃO ASFÁLTICA RR-2C. AF_11/2019"},{"$f":"ORÇAMENTO!J30","v":{"v":3793.3278999999998,"d":"R$ 3,793.33"}}]
[null,{"$f":"ORÇAMENTO!A31","v":"3.5"},{"$f":"ORÇAMENTO!E31","v":"EXECUÇÃO DE PAVIMENTO COM APLICAÇÃO DE CONCRETO ASFÁLTICO, CAMADA DE ROLAMENTO - EXCLUSIVE CARGA E TRANSPORTE. AF_11/2019"},{"$f":"ORÇAMENTO!J31","v":{"v":118706.40539999999,"d":"R$ 118,706.41"}}]
[null,{"$f":"ORÇAMENTO!A32","v":"3.6"},{"$f":"ORÇAMENTO!E32","v":"TRANSPORTE DE MATERIAL ASFALTICO, COM CAMINHÃO COM CAPACIDADE DE 20000 L EM RODOVIA NÃO PAVIMENTADA PARA DISTÂNCIAS MÉDIAS DE TRANSPORTE IGUAL OU INFERIOR A 100 KM. AF_02/2016"},{"$f":"ORÇAMENTO!J32","v":{"v":10011.287199999999,"d":"R$ 10,011.29"}}]
[4,null,{"$f":"ORÇAMENTO!E33","v":"Muro de Arrimo"},null,{"$f":"SUM(D32:D35)","v":{"v":66883.4635,"d":"R$ 66,883.46"}}]
[null,{"$f":"ORÇAMENTO!A34","v":"4.1"},{"$f":"ORÇAMENTO!E34","v":"LIMPEZA MANUAL DE VEGETAÇÃO EM TERRENO COM ENXADA.AF_05/2018"},{"$f":"ORÇAMENTO!J34","v":{"v":1614.1218,"d":"R$ 1,614.12"}}]
[null,{"$f":"ORÇAMENTO!A35","v":"4.2"},{"$f":"ORÇAMENTO!E35","v":"Limpeza manual do terreno, inclusive troncos até 5 cm de diâmetro, com caminhão à disposição dentro da obra, até o raio de 1 km"},{"$f":"ORÇAMENTO!J35","v":{"v":2889.3672,"d":"R$ 2,889.37"}}]
[null,{"$f":"ORÇAMENTO!A36","v":"4.3"},{"$f":"ORÇAMENTO!E36","v":"EXECUÇÃO DE PASSEIO (CALÇADA) OU PISO DE CONCRETO COM CONCRETO MOLDADO IN LOCO, USINADO, ACABAMENTO CONVENCIONAL, ESPESSURA 6 CM, ARMADO. AF_07/2016"},{"$f":"ORÇAMENTO!J36","v":{"v":45057.184499999996,"d":"R$ 45,057.18"}}]
[null,{"$f":"ORÇAMENTO!A37","v":"4.4"},{"$f":"ORÇAMENTO!E37","v":"ASSENTAMENTO DE GUIA (MEIO-FIO) EM TRECHO RETO, CONFECCIONADA EM CONCRETO PRÉ-FABRICADO, DIMENSÕES 100X15X13X20 CM (COMPRIMENTO X BASE INFERIOR X BASE SUPERIOR X ALTURA), PARA URBANIZAÇÃO INTERNA DE EMPREENDIMENTOS. AF_06/2016_P"},{"$f":"ORÇAMENTO!J37","v":{"v":17322.79,"d":"R$ 17,322.79"}}]
[{"$f":"ORÇAMENTO!A38","v":5},null,{"$f":"ORÇAMENTO!E38","v":"Sinalização"},null,{"$f":"SUM(D37:D40)+0.01","v":{"v":5282.4889,"d":"R$ 5,282.49"}}]
[null,{"$f":"ORÇAMENTO!A39","v":"5.1"},{"$f":"ORÇAMENTO!E39","v":"SINALIZACAO HORIZONTAL COM TINTA RETRORREFLETIVA A BASE DE RESINA ACRILICA COM MICROESFERAS DE VIDRO"},{"$f":"ORÇAMENTO!J39","v":{"v":1806.9359,"d":"R$ 1,806.94"}}]
[null,{"$f":"ORÇAMENTO!A40","v":"5.2"},{"$f":"ORÇAMENTO!E40","v":"PLACA DE SINALIZACAO EM CHAPA DE ACO NUM 16 COM PINTURA REFLETIVA"},{"$f":"ORÇAMENTO!J40","v":{"v":336.243,"d":"R$ 336.24"}}]
[null,{"$f":"ORÇAMENTO!A41","v":"5.3"},{"$f":"ORÇAMENTO!E41","v":"Tubo Galvanizado sem costura"},{"$f":"ORÇAMENTO!J41","v":{"v":2790.4,"d":"R$ 2,790.40"}}]
[null,{"$f":"ORÇAMENTO!A42","v":"5.4"},{"$f":"ORÇAMENTO!E42","v":"Suporte de perfil metálico"},{"$f":"ORÇAMENTO!J42","v":{"v":348.90000000000003,"d":"R$ 348.90"}}]
[{"$f":"ORÇAMENTO!A43","v":6},null,{"$f":"ORÇAMENTO!E43","v":"Proteção de Talude"},null,{"$f":"SUM(D42:D44)+0.01","v":{"v":5357.528,"d":"R$ 5,357.53"}}]
[null,{"$f":"ORÇAMENTO!A44","v":"6.1"},{"$f":"ORÇAMENTO!E44","v":"Limpeza manual do terreno, inclusive troncos até 5 cm de diâmetro, com caminhão à disposição dentro da obra, até o raio de 1 km"},{"$f":"ORÇAMENTO!J44","v":{"v":863.6544,"d":"R$ 863.65"}}]
[null,{"$f":"ORÇAMENTO!A45","v":"6.2"},{"$f":"ORÇAMENTO!E45","v":"cpos-176D 34.01.010 Terra vegetal orgânica comum"},{"$f":"ORÇAMENTO!J45","v":{"v":2559.9708,"d":"R$ 2,559.97"}}]
[null,{"$f":"ORÇAMENTO!A46","v":"6.3"},{"$f":"ORÇAMENTO!E46","v":"PLANTIO DE GRAMA EM PLACAS. AF_05/2018"},{"$f":"ORÇAMENTO!J46","v":{"v":1933.8928,"d":"R$ 1,933.89"}}]
[]
[null,null,"TOTAL GERAL",null,{"$f":"SUM(E9:E44)","v":{"v":407306.1891,"d":"R$ 407,306.19"}}]
[]
[]
[]
[null,"Carlos Eduardo Mazzetto"]
[null,"Eng. Civil         SMDU"]
[null,"CREA 5060363666"]

{"sheet":"Cronograma PLE","index":3,"n_rows":25,"n_cols":20,"rows_kept":25,"merged":[[0,3,1,15],[7,0,8,1],[7,2,8,2],[7,3,8,3],[7,4,7,5],[7,6,7,7],[7,8,7,9],[7,10,7,11],[7,12,7,13],[7,14,7,15],[9,0,9,1],[10,0,10,1],[11,0,11,1],[12,0,12,1],[13,0,13,1],[14,0,14,1]]}
[{"$nulls":3},"Cronograma PLE"]
[]
[]
["Obra: ","Pavimentação da Rua 6 "]
["Local:","Rua 6 - Santa Helena - Amparo SP"]
["Operação ",{"$f":"ORÇAMENTO!B6","v":"1061679-92"},"P + Brasil    ",{"$f":"ORÇAMENTO!E6","v":878692},null,"DATA BASE",null,{"$f":"ORÇAMENTO!H6","v":"2021-05-01"}]
[]
["Evento ",null,"Título do Evento / Descrição do Serviço","Total","MÊS 1",null,"MÊS 2",null,"MÊS 3",null,"MÊS 4",null,"MÊS 5",null,"MÊS 6"]
[{"$nulls":4},"part %","valor","part %","valor","part %","valor","part %","valor","part %","valor","part %","valor",{"$nulls":3},{"v":2283.3,"d":"R$ 2,283.30"}]
[1,null,{"$f":"ORÇAMENTO!E11","v":"Serviços Iniciais"},{"$f":"Eventograma!E9","v":{"v":6164.88,"d":"R$ 6,164.88"}},{"v":1,"d":"100%"},{"$f":"E10*D10","v":{"v":6164.88,"d":"R$ 6,164.88"}},{"$nulls":13},{"v":2405.1789999999996,"d":"R$ 2,405.18"}]
[2,null,{"$f":"Eventograma!C12","v":"Drenagem"},{"$f":"Eventograma!E12","v":{"v":110862.13840000001,"d":"R$ 110,862.14"}},null,null,{"v":1,"d":"100%"},{"$f":"G11*D11","v":{"v":110862.13840000001,"d":"R$ 110,862.14"}},{"$nulls":11},{"v":34838.9664,"d":"R$ 34,838.97"}]
[3,null,{"$f":"Eventograma!C24","v":"Pavimentação"},{"$f":"Eventograma!E24","v":{"v":212755.6903,"d":"R$ 212,755.69"}},{"$nulls":6},{"v":1,"d":"100%"},{"$f":"K12*D12","v":{"v":212755.6903,"d":"R$ 212,755.69"}},{"$nulls":7},{"v":36782.723399999995,"d":"R$ 36,782.72"}]
[4,null,{"$f":"Eventograma!C31","v":"Muro de Arrimo"},{"$f":"Eventograma!E31","v":{"v":66883.4635,"d":"R$ 66,883.46"}},{"$nulls":4},{"v":1,"d":"100%"},{"$f":"I13*D13","v":{"v":66883.4635,"d":"R$ 66,883.46"}},{"$nulls":9},{"v":36289.6382,"d":"R$ 36,289.64"}]
[5,null,{"$f":"Eventograma!C36","v":"Sinalização"},{"$f":"Eventograma!E36","v":{"v":5282.4889,"d":"R$ 5,282.49"}},{"$nulls":8},{"v":1,"d":"100%"},{"$f":"M14*D14","v":{"v":5282.4889,"d":"R$ 5,282.49"}},{"$nulls":5},{"v":107759.3066,"d":"R$ 107,759.31"}]
[6,null,{"$f":"Eventograma!C41","v":"Proteção de Talude"},{"$f":"Eventograma!E41","v":{"v":5357.528,"d":"R$ 5,357.53"}},{"$nulls":10},{"v":1,"d":"100%"},{"$f":"D15","v":{"v":5357.528,"d":"R$ 5,357.53"}},{"$nulls":3},{"v":4320.826,"d":"R$ 4,320.83"}]
[]
[null,null,"TOTAL GERAL",{"$f":"SUM(D10:D15)","v":{"v":407306.1891,"d":"R$ 407,306.19"}},{"$f":"F17/$D$17","v":{"v":0.015135738579426364,"d":"1.51%"}},{"$f":"SUM(F10:F16)","v":{"v":6164.88,"d":"R$ 6,164.88"}},{"$f":"H17/$D$17","v":{"v":0.2721837805729528,"d":"27.22%"}},{"$f":"SUM(H10:H16)","v":{"v":110862.13840000001,"d":"R$ 110,862.14"}},{"$f":"J17/$D$17","v":{"v":0.164209298286845,"d":"16.42%"}},{"$f":"SUM(J10:J16)","v":{"v":66883.4635,"d":"R$ 66,883.46"}},{"$f":"L17/$D$17","v":{"v":0.5223482873415536,"d":"52.23%"}},{"$f":"SUM(L10:L16)","v":{"v":212755.6903,"d":"R$ 212,755.69"}},{"$f":"N17/$D$17","v":{"v":0.012969331282867069,"d":"1.30%"}},{"$f":"SUM(N10:N16)","v":{"v":5282.4889,"d":"R$ 5,282.49"}},{"$f":"P17/$D$17","v":{"v":0.013153563936355122,"d":"1.32%"}},{"$f":"SUM(P10:P16)","v":{"v":5357.528,"d":"R$ 5,357.53"}}]
[{"$nulls":4},{"$f":"F18/$D$17","v":{"v":0.015135738579426364,"d":"1.51%"}},{"$f":"F17","v":{"v":6164.88,"d":"R$ 6,164.88"}},{"$f":"H18/$D$17","v":{"v":0.28731951915237913,"d":"28.73%"}},{"$f":"H17+F18","v":{"v":117027.01840000002,"d":"R$ 117,027.02"}},{"$f":"J18/$D$17","v":{"v":0.45152881743922413,"d":"45.15%"}},{"$f":"J17+H18","v":{"v":183910.4819,"d":"R$ 183,910.48"}},{"$f":"L18/$D$17","v":{"v":0.9738771047807778,"d":"97.39%"}},{"$f":"L17+J18","v":{"v":396666.17220000003,"d":"R$ 396,666.17"}},{"$f":"N18/$D$17","v":{"v":0.9868464360636449,"d":"98.68%"}},{"$f":"N17+L18","v":{"v":401948.6611,"d":"R$ 401,948.66"}},{"$f":"P18/$D$17","v":{"v":1,"d":"100.00%"}},{"$f":"P17+N18","v":{"v":407306.1891,"d":"R$ 407,306.19"}}]
[]
[]
[]
[]
[{"$nulls":3},"Carlos Eduardo Mazzetto"]
[{"$nulls":3},"Eng. Civil         SMDU"]
[{"$nulls":3},"CREA 5060363666"]